Der bär Furchtlos : wenn du etwas nicht weißt, Furchtlos hilft dir : Elternhandbuch über die Entwicklung des Kindes bis zum 3. Lebensjahr /

Korporativní autor: Občanské sdružení D.R.A.K.
Další autoři: Sochová, Petra, 1973-
Jazyk: Němčina
Vydáno: [Frýdek-Místek] : JOKL - Kleinwächter holding s.r.o., 2021
Vydání: 1. Ausgabe
Témata:
Fyzický popis: 41 stran : barevné ilustrace ; 21 cm
Knihy
Uloženo v:
LEADER 02067nam a2200565 i 4500
001 nkc20223391972
003 CZ PrNK
005 20221208091729.0
007 ta
008 220118s2021 xr a e f 000 0 ger
015 |a cnb003391972 
020 |a 978-80-88070-06-1  |q (brožováno) 
035 |a (OCoLC)1310112397 
040 |a BOA001  |b cze  |e rda 
041 1 |a ger  |h cze 
072 7 |a 159.92  |x Vývojová psychologie. Individuální psychologie  |2 Konspekt  |9 17 
080 |a 159.922.72  |2 MRF 
080 |a 612.65  |2 MRF 
080 |a 159.943  |2 MRF 
080 |a 316.346.32-053.3  |2 MRF 
080 |a 316.346.32-053.4  |2 MRF 
080 |a (035)  |2 MRF 
245 0 4 |a Der bär Furchtlos :  |b wenn du etwas nicht weißt, Furchtlos hilft dir : Elternhandbuch über die Entwicklung des Kindes bis zum 3. Lebensjahr /  |c Bürgerverein D.R.A.K. e.V. ; Übersetzung: Petra Sochová 
250 |a 1. Ausgabe 
264 1 |a [Frýdek-Místek] :  |b JOKL - Kleinwächter holding s.r.o.,  |c 2021 
300 |a 41 stran :  |b barevné ilustrace ;  |c 21 cm 
336 |a text  |b txt  |2 rdacontent 
336 |a statický obraz  |b sti  |2 rdacontent 
337 |a bez média  |b n  |2 rdamedia 
338 |a svazek  |b nc  |2 rdacarrier 
500 |a Přeloženo z češtiny? 
504 |a Obsahuje bibliografické odkazy 
650 0 7 |a vývoj dítěte  |7 ph127471  |2 czenas 
650 0 7 |a psychomotorika  |7 ph182930  |2 czenas 
650 0 7 |a kojenci  |7 ph114943  |2 czenas 
650 0 7 |a batolata  |7 ph114130  |2 czenas 
650 0 9 |a child development  |2 eczenas 
650 0 9 |a perceptual-motor skills  |2 eczenas 
650 0 9 |a infants  |2 eczenas 
650 0 9 |a toddlers  |2 eczenas 
655 7 |a příručky  |7 fd133209  |2 czenas 
655 9 |a handbooks and manuals  |2 eczenas 
700 1 |a Sochová, Petra,  |d 1973-  |7 xx0195406  |4 trl 
710 2 |a Občanské sdružení D.R.A.K.  |7 xx0111534  |4 aut 
910 2 |a BOA001  |b 2-1480.355 
928 9 |a Kleinwächter holding 
990 |a BK 
995 |a 01 
991 |b 202203  |c NOV 
996 6 |b 2610892524  |c 2-1480.355  |l MZK  |r Sklad / do 1 hodiny  |n 0  |p p.v.  |w 001876404  |u 000010  |a 1  |e BOA001  |j MZK50  |s P